| 000 | 01114nam a22002297a 4500 | ||
|---|---|---|---|
| 008 | 090326s2004 at|||||s||||i000 0 eng d | ||
| 082 |
_222 _a910.60973 _bGEO |
||
| 245 | 0 | 0 |
_a30 Years of National Geographic Specials _h[videorecording] / _cProducer & writer Gail Willumsen, Editor Barry Nye and National Gographic Society |
| 246 | _aThirty years of National Geographic Specials | ||
| 260 |
_a[Australia] : _bNational Geographic Society, _c2004. |
||
| 300 |
_a1 videodisc (ca 60 min.) : _bsd., col. ; _c4 3/4 in. |
||
| 520 | _aFor three decades, National Geographic has set standards for spellbinding television documentaries. Now you can experience these landmark adventures into the unknown in this collector's video. | ||
| 655 | _aDocumentary films | ||
| 610 |
_914131 _aNational Geographic Society (U.S.) |
||
| 700 |
_914138 _aWillumsen, Gail _eEditor |
||
| 700 |
_914132 _aNye, Barry _eEditor |
||
| 710 |
_914131 _aNational Geographic Society (U.S.) |
||
| 942 |
_2ddc _cCDVDDOC _hRDA-MOD |
||
| 999 |
_c11124 _d11124 |
||
| 336 |
_2rdacontent _atext _btxt |
||
| 337 |
_aunmediated _2rdamedia _bn |
||
| 338 |
_avolume _bnc _2rdacarrier |
||